Crise et avenir de la classe ouvriere

Gespeichert in:
Bibliographische Detailangaben
1. Verfasser: Julliard, Jacques
Format: Buch
Sprache:Undetermined
Veröffentlicht: Paris Editions de Seuil 1979
Schlagworte:
Tags: Tag hinzufügen
Keine Tags, Fügen Sie den ersten Tag hinzu!
Thư viện lưu trữ: Trung tâm Học liệu Trường Đại học Cần Thơ
LEADER 00477nam a2200181Ia 4500
001 CTU_79252
008 210402s9999 xx 000 0 und d
082 |a 305.5 
082 |b J94 
100 |a Julliard, Jacques 
245 0 |a Crise et avenir de la classe ouvriere 
245 0 |c Jacques Julliard 
260 |a Paris 
260 |b Editions de Seuil 
260 |c 1979 
650 |a Working class 
650 |z France 
980 |a Trung tâm Học liệu Trường Đại học Cần Thơ